000 01205nam a22003377a 4500
003 OSt
005 20260127150516.0
008 260127t1999 fr ||||fr|||| 000 0 fre d
020 _a 9775813549
040 _aDLC
_cDLC
_dDLC
_bfre
_eRda
041 0 _afre
050 _a
082 _221
_a255.9
_bA B . V
092 0 4 _221
099 _aLaw1 01 255.9 A B . V 1999
100 1 _a`Abd Al-`Aziz, Jum`ah Amin
245 1 0 _aViolence :
_bOpinion & Remède
_cJum`ah Amin `Abd Al-`Aziz.
246 2 3 _aظاهرة العنف
_b: الرؤية والعلاج باللغة الفرنسية
264 1 _ale Caire :
_bFondation Al-Falah pour la traduction, l'édition et la distribution,
_c1999.
300 _a174 pages, pages non numérotées, pagination diverse ;
_c 22cm.
_billustration ;
336 _2rda contenu
_a texte
337 _2rda medias
_aOrdinateur
338 _2 transporteur rda
_a Ressource en ligne
504 _aComprend des références bibliographiques.
546 _aTexte en français
650 7 _2chariaa
651 1 _2qrmak
856 4 0 _uhttps://docs.google.com/viewer?url=https://www.muslim-library.com/dl/booksB01-00021.pdf
905 _a62
942 _2ddc
_cBK
_n0
_e21
999 _c59614
_d59614